000 00440nam a2200169Ia 4500
001 14932
005 20260306164950.0
008 260306t9999||||xx |||||||||||||| ||spa||
041 _aESP
082 _a519.5
_bP45
100 _aPérez Legoas, Luis Alberto
_eAUT
245 0 _aEstadística básica para ciencias sociales y educación
300 _a566 páginas :
_c20 cm.
650 _aGEN
654 _aCMA
942 _cLIB
_dJUS
_fJUS
_2ddc
_n
999 _c14932
_d14932